A study of Bolshevism
Gespeichert in:
| 1. Verfasser: | |
|---|---|
| Format: | Buch |
| Sprache: | Englisch |
| Veröffentlicht: |
Glencoe
The Free Press
1953
|
| Schlagworte: | |
| Tags: |
Tag hinzufügen
Keine Tags, Fügen Sie den ersten Tag hinzu!
|
MARC
| LEADER | 00000nam a2200000 a 4500 | ||
|---|---|---|---|
| 001 | UCT7770 | ||
| 003 | CL-VaPUC | ||
| 008 | 970317e19530000US |||||||||||||||||eng|d | ||
| 082 | 0 | 4 | |a 324.175 |b LEI |2 21 |
| 100 | 0 | |a Leites, Nathan |e author |9 378878 | |
| 245 | 1 | 2 | |a A study of Bolshevism |
| 300 | |a 639 p | ||
| 942 | |c BK | ||
| 945 | |d 19970317 00:00:00 |a nastorga | ||
| 260 | |a Glencoe |b The Free Press |c 1953 | ||
| 650 | 7 | |a BOLCHEVISMO |2 CL-VaPUC |9 378879 | |
| 650 | 0 | |a Política |9 255312 | |
| 650 | 0 | |a Guerra |9 255876 | |
| 650 | 0 | |a Revolución rusa |9 343225 | |
| 650 | 0 | |a Independencia |9 344246 | |
| 650 | 0 | |a Violencia |9 255411 | |
| 650 | 7 | |a ENEMIGOS |2 CL-VaPUC |9 378880 | |
| 583 | |a last modification |c 19970317 00:00:00 |k Rodrigo Vera | ||
| 999 | |c 256317 |d 256315 | ||
| 952 | |0 0 |1 0 |4 0 |6 324_175000000000000_LEI_1953 |7 0 |8 A |9 278984 |a BIBDER |b BIBDER |d 2019-11-19 |i 1810731 |o 324.175 LEI 1953 |p 1810731 |r 2023-01-25 |w 2019-11-19 |y BK |k DER | ||